000 01159 a2200217 4500
003 NUST
005 20221031134539.0
010 _a 75025011
020 _a0395240093
040 _cNust
082 0 0 _a510,CHE
100 1 _aChew, Al H.
_9102012
245 1 0 _aTechnical mathematics /
_cAl H. Chew, Richard L. Little, and Sherry B. Little.
260 _aBoston :
_bHoughton Mifflin,
_cc1976.
300 _axii, 397 p. :
_bill. ;
_c25 cm.
505 _aTools of the Trade: Whole Numbers (Page-2), Computations with Fractions (Page-29), Ratio Proportion and Equations (Page-5), Decimal Numbers and Special Notation (Page-64), Directed Numbers Special Coefficients (Page-82), Equations and formulas (Page-104), Exponents and Logarithms (Page-135), Coordinate System and Graphs (Page-161), Special Graphs in the Plane (Page-190), Basic Geometry and Linear Measurement (Page-220), Measurement of Plane and Solid Fiqures (Page-253), Numerical Trigonometry (Page-314), Trigonometry of Oblique Triangles (Page-335).
650 0 _aMathematics.
700 1 _aLittle, Richard L.,
_944979
700 1 _aLittle, Sherry B.,
_9102013
942 _2ddc
_cBK
_k510,CHE
999 _c179839
_d179839